ESSENTIAL PEDIATRICS (Record no. 8959)

MARC details
000 -LEADER
fixed length control field 00331nam a22001577a 4500
003 - CONTROL NUMBER IDENTIFIER
control field SGT
020 ## - INTERNATIONAL STANDARD BOOK NUMBER
International Standard Book Number 978-81-239-2334-5
082 ## - DEWEY DECIMAL CLASSIFICATION NUMBER
Classification number 610.92, P14P
100 ## - MAIN ENTRY--PERSONAL NAME
Personal name PAUL, VINOD K.
245 ## - TITLE STATEMENT
Title ESSENTIAL PEDIATRICS
250 ## - EDITION STATEMENT
Edition statement 8TH
260 ## - PUBLICATION, DISTRIBUTION, ETC. (IMPRINT)
Place of publication, distribution, etc DELHI
Name of publisher, distributor, etc CBS
Year of Publication 2014
300 ## - PAGE DESCRIPTION
No. of Pages 783
650 ## - SUBJECT ADDED ENTRY--TOPICAL TERM
Topical term or geographic name as entry element PEDIATRICS
942 ## - ADDED ENTRY ELEMENTS (KOHA)
Source of classification or shelving scheme Dewey Decimal Classification
Koha item type Books
942 ## - ADDED ENTRY ELEMENTS (KOHA)
-- 10
Holdings
Withdrawn status Lost status Source of classification or shelving scheme Damaged status Not for loan Collection code Home library Current library Shelving location Date acquired Vendor Name Cost, normal purchase price SGTU Bill Number Total Checkouts Full call number Accession No. (Barcode) Date last seen Date last borrowed Bill Date Koha item type
    Dewey Decimal Classification     MEDICAL SGT Medical Library SGT Medical Library Text Book 07/06/2016 AHUJA BOOK COMPANY 875.00 SGTU 5978 1 610.92, P14P FM7536 19/07/2017 18/07/2017 14/08/2015 Books
    Dewey Decimal Classification     MEDICAL SGT Medical Library SGT Medical Library Text Book 07/06/2016 AHUJA BOOK COMPANY 875.00 SGTU 5978 1 610.92, P14P FM7537 10/08/2017 01/08/2017 14/08/2015 Books
    Dewey Decimal Classification     MEDICAL SGT Medical Library SGT Medical Library Text Book 07/06/2016 AHUJA BOOK COMPANY 875.00 SGTU 5978 11 610.92, P14P FM7538 25/05/2019 17/05/2019 14/08/2015 Books
    Dewey Decimal Classification     MEDICAL SGT Medical Library SGT Medical Library Text Book 07/06/2016 AHUJA BOOK COMPANY 875.00 SGTU 5978 32 610.92, P14P FM7539 12/06/2025 12/06/2025 14/08/2015 Books